000 01192nam a2200241Ii 4500
008 221202s xx 000 0 und d
100 1 _aKilleen, Timothy J,
_eauthor
245 2 _aA Perfect Storm in the Amazon Wilderness (Chapter 1)
246 _aSuccess and Failure in the Fight to Save an Ecosystem of Critical Importance to the Planet (Volume 1:72)
264 _bThe White Horse Press
_c2021
300 _a1 online resource
336 _atext
_btxt
_2rdacontent
337 _acomputer
_bc
_2rdamedia
338 _aonline resource
_bcr
_2rdacarrier
520 _aThis is the first chapter in Timothy Killeen's meticulously researched two-volume study of the challenges facing the fight to preserve the Amazon rainforest. A comprehensive work that will be essential reading for anyone with an interest in this critically important subject.
653 _aEnvironmental Conservation & Protection
653 _aNatural Resources
653 _aNature
653 _aNature
653 _aNature
856 _uhttps://docs.google.com/spreadsheets/d/1yKIrdCPDAG_9c22mwoOIO2DOhtj65Wqa/edit?usp=sharing&ouid=106555315294820607512&rtpof=true&sd=true
_yList of Curated E-Books
942 _cE-BOOK
999 _c91346
_d91343